| 000 | 00510nam a2200169 a 4500 | ||
|---|---|---|---|
| 005 | 20210223120951.0 | ||
| 008 | 991125s1965 mx 000 0 spa u | ||
| 035 | _aUPN01000009859 | ||
| 049 | _aCG | ||
| 050 | 4 |
_aQ147 _bB4.28 |
|
| 100 | 1 | _aBerland, Theodore | |
| 245 | 1 | 0 |
_aCómo viven los hombres de ciencia / _cTheodore Berland ; tr. Francisco González Aramburu. |
| 260 |
_aMéxico : _bLibreros Mexicanos Unidos, _c1965. |
||
| 300 | _a424 p. | ||
| 650 | 4 |
_aCIENTIFICOS ESTADOUNIDENSES _97621 |
|
| 905 | _aLibro | ||
| 999 |
_c9859 _d9859 |
||